|
|
|
|
| LEADER |
00000nam0a2200000 4500 |
| 001 |
204912 |
| 005 |
20231101225239.0 |
| 035 |
|
|
|a (RuTPU)RU\TPU\book\223357
|
| 090 |
|
|
|a 204912
|
| 100 |
|
|
|a 20111205d2011 m y0rusy50 ca
|
| 101 |
0 |
|
|a rus
|
| 102 |
|
|
|a RU
|
| 105 |
|
|
|a a j 001zy
|
| 200 |
1 |
|
|a Практикум по дисциплине "Разработка нефтяных и газовых месторождений"
|e учебное пособие
|f С. Ф. Санду, А. Т. Росляк, В. М. Галкин
|g Национальный исследовательский Томский политехнический университет (ТПУ)
|
| 210 |
|
|
|a Томск
|c Изд-во ТПУ
|d 2011
|
| 215 |
|
|
|a 88 с.
|c ил.
|
| 320 |
|
|
|a Библиогр.: с. 87.
|
| 330 |
|
|
|a В практикуме изложены задания, посвященные моделированию и расчету основных показателей разработки месторождений, как при естественных природных режимах работы залежей, так и с применением воздействия на пласт. Содержащиеся в практикуме задания могут выполняться студентами как самостоятельно, так и под руководством преподавателя. Предназначен для студентов, изучающих дисциплину "Разработка нефтяных и газовых месторождений".
|
| 606 |
1 |
|
|a Нефтегазовые месторождения
|x Системы разработки
|x Эксплуатация
|2 stltpush
|3 (RuTPU)RU\TPU\subj\45562
|9 64757
|
| 610 |
1 |
|
|a нефть
|
| 610 |
1 |
|
|a газ
|
| 610 |
1 |
|
|a нефтегазовые залежи
|
| 610 |
1 |
|
|a разработка
|
| 610 |
1 |
|
|a упругий режим
|
| 610 |
1 |
|
|a показатели
|
| 610 |
1 |
|
|a пластовая энергия
|
| 610 |
1 |
|
|a использование
|
| 610 |
1 |
|
|a нефтегазовые месторождения
|
| 610 |
1 |
|
|a прогнозирование
|
| 610 |
1 |
|
|a вода
|
| 610 |
1 |
|
|a вытеснение
|
| 610 |
1 |
|
|a газонапорный режим
|
| 610 |
1 |
|
|a предельные дебиты
|
| 610 |
1 |
|
|a тепловые методы
|
| 610 |
1 |
|
|a учебные пособия
|
| 610 |
1 |
|
|a труды учёных ТПУ
|
| 675 |
|
|
|a 622.276(076.5)
|v 3
|
| 700 |
|
1 |
|a Санду
|b С. Ф.
|c российский геолог
|c доцент Томского политехнического университета
|g Сергей Фёдорович
|2 stltpush
|3 (RuTPU)RU\TPU\pers\26107
|
| 701 |
|
1 |
|a Росляк
|b А. Т.
|c российский геолог
|c профессор Томского политехнического университета, доктор технических наук
|f 1946-
|g Александр Тихонович
|2 stltpush
|3 (RuTPU)RU\TPU\pers\26103
|
| 701 |
|
1 |
|a Галкин
|b В. М.
|c геолог
|c доцент Томского политехнического университета, кандидат физико-математических наук
|f 1955-
|g Владислав Михайлович
|2 stltpush
|3 (RuTPU)RU\TPU\pers\27966
|
| 712 |
0 |
2 |
|a Национальный исследовательский Томский политехнический университет (ТПУ)
|c (2009- )
|2 stltpush
|3 (RuTPU)RU\TPU\col\15902
|
| 801 |
|
1 |
|a RU
|b 63413507
|c 20111205
|
| 801 |
|
2 |
|a RU
|b 63413507
|c 20191224
|g RCR
|
| 942 |
|
|
|c BK
|